Výskyt stopových prvkov v sedimentoch vodných nádrží SR - výsledky monitoringu 2016

Zhodnotenie výsledkov výskytu stopových prvkov v sedimentoch akumulovaných vo vodných nádržiach zaradených do Rámcového programu monitorovania vôd Slovenska na roky 2016-2021, ktoré boli odobraté v roku 2016.

Enregistré dans:
Détails bibliographiques
Auteur principal: Hucko, Pavel
Format: Chapitre de livre
Langue:slovaque
Sujets:
Tags: Ajouter un tag
Pas de tags, Soyez le premier à ajouter un tag!

MARC

LEADER 00000naa a2200000 4500
001 0234803
005 20220805080319.5
041 0 |a slo 
044 |a SK 
245 1 0 |a Výskyt stopových prvkov v sedimentoch vodných nádrží SR - výsledky monitoringu 2016  |c Pavel Hucko ... [et al.] 
520 |a Zhodnotenie výsledkov výskytu stopových prvkov v sedimentoch akumulovaných vo vodných nádržiach zaradených do Rámcového programu monitorovania vôd Slovenska na roky 2016-2021, ktoré boli odobraté v roku 2016. 
610 2 0 |a nádrže vodné 
610 2 0 |a Slovensko 
610 2 0 |a kvalita vody 
610 2 0 |a monitoring 
100 1 |a Hucko, Pavel